Primárny aldosteronizmus

Bibliographic Details
Main Authors: Payer, Juraj, 1958- (Author), Nagyová, M. (Author), Petrovič, T. (Author)
Format: Article
Language:Slovak

MARC

LEADER 00000nab a2200000ua 4500
001 vtls010780415
003 SK-MaSNL
005 20260305001547.0
008 250310s2010 xo |||||||||||||||||slo|
035 |a (urnnbn)urn:nbn:sk:snk:ar-a05p0e 
035 |a (uuid)6507a4fc-bae7-412e-b379-03276f256eff 
035 |a urn:nbn:sk:snk-ab4uhy 
040 |a SNKBUCL  |b slo  |c SNKBUCL  |e AACR2 
041 0 |a slo 
044 |a xo  |c SK 
100 1 |a Payer, Juraj,  |d 1958-  |4 aut  |9 190344 
245 1 0 |a Primárny aldosteronizmus  |c J. Payer, M. Nagyová, T. Petrovič 
700 1 |a Nagyová, M.  |4 aut  |9 776774 
700 1 |a Petrovič, T.  |4 aut  |9 81919 
773 0 |t Kardiológia  |g Roč. 19, č. 2 (2010), s. 89-97 
958 |a OND 
958 |a article3 
999 |c 3220086  |d 3222016